书目信息 |
| 题名: |
后碳城市设计方法
|
|
| 作者: | 康顿 著 ;李翅 , 王琢 译 | |
| 分册: | ||
| 出版信息: | 北京 中国建筑工业出版社 2015 |
|
| 页数: | 191页 | |
| 开本: | 26cm | |
| 丛书名: | 美好城市愿景规划系列 | |
| 单 册: | ||
| 中图分类: | TU984 | |
| 科图分类: | ||
| 主题词: | 城市规划--cheng shi gui hua--可持续性发展--研究 | |
| 电子资源: | ||
| ISBN: | 978-7-112-16968-9 | |
| 000 | 01555nam 2200313 450 | |
| 001 | 0100003972 | |
| 005 | 20191103102355.47 | |
| 010 | @a978-7-112-16968-9@dCNY45.00 | |
| 100 | @a20150109d2015 em y0chiy50 ea | |
| 101 | 1 | @achi@ceng |
| 102 | @aCN@b110000 | |
| 105 | @aa a 000yy | |
| 200 | 1 | @a后碳城市设计方法@Ahou tan cheng shi she ji fang fa@e可持续发展社区的七项法则@d= Sustainability design strategies for the post-carbon world@eseven rules for sustainable communities@f(加) 帕特里克·M. 康顿著@g李翅, 王琢译@zeng |
| 210 | @a北京@c中国建筑工业出版社@d2015 | |
| 215 | @a191页@c图@d26cm | |
| 225 | 2 | @a美好城市愿景规划系列@Amei hao cheng shi yuan jing gui hua xi lie |
| 306 | @a由美国Island出版社授权出版 | |
| 320 | @a有书目 (第178-191页) | |
| 330 | @a本书尝试用简单的语言向读者阐述这个世界可能呈现的样子和它是如何有机地从我们现在所知的世界进化出来的。作者尝试帮助读者理解我们城市的基本架构,并提出了一套简单的原则,旨在帮助人们为低碳未来做好准备。书中提出了七条简单的原则,适用于从一个小地块到整个区域的所有尺度。 | |
| 410 | 0 | @12001 @a美好城市愿景规划系列 |
| 500 | 10 | @aSustainability design strategies for the post-carbon world : seven rules for sustainable communities@mChinese |
| 517 | 1 | @a可持续发展社区的七项法则@Ake chi xu fa zhan she qu de qi xiang fa ze |
| 606 | 0 | @a城市规划@Acheng shi gui hua@x可持续性发展@x研究 |
| 690 | @aTU984@v5 | |
| 701 | 1 | @a康顿@g(Condon, Patrick M.)@4著 |
| 702 | 0 | @a李翅@Ali chi@4译 |
| 702 | 0 | @a王琢@Awang zhuo@4译 |
| 801 | 0 | @aCN@c20150830 |
| 905 | @a河南城建学院图书馆@dTU984@eK235 | |
| 后碳城市设计方法:可持续发展社区的七项法则= Sustainability design strategies for the post-carbon world:seven rules for sustainable communities/(加) 帕特里克·M. 康顿著/李翅, 王琢译.-北京:中国建筑工业出版社,2015 |
| 191页:图;26cm.-(美好城市愿景规划系列) |
| ISBN 978-7-112-16968-9:CNY45.00 |
| 本书尝试用简单的语言向读者阐述这个世界可能呈现的样子和它是如何有机地从我们现在所知的世界进化出来的。作者尝试帮助读者理解我们城市的基本架构,并提出了一套简单的原则,旨在帮助人们为低碳未来做好准备。书中提出了七条简单的原则,适用于从一个小地块到整个区域的所有尺度。 |
| ● |
| 相关链接 |
|
|
|
正题名:后碳城市设计方法
索取号:TU984/K235
 
预约/预借
| 序号 | 登录号 | 条形码 | 馆藏地/架位号 | 状态 | 备注 |
| 1 | 1179951 | 211799516 | 建筑与城市规划学院资料室/201建筑库 63排1列3层/ [索取号:TU984/K235] | 在馆 | |
| 2 | 1179952 | 211799525 | 建筑与城市规划学院资料室/101建筑库 85排2列2层/ [索取号:TU984/K235] | 在馆 | |
| 3 | 1179953 | 211799534 | 建筑与城市规划学院资料室/201建筑库 63排1列3层/ [索取号:TU984/K235] | 在馆 | |
| 4 | 1449941 | 214499416 | 建筑与城市规划学院资料室/ [索取号:TU984/K235] | 在馆 | |
| 5 | 1449942 | 214499425 | 建筑与城市规划学院资料室/ [索取号:TU984/K235] | 在馆 | |
| 6 | 1449943 | 214499434 | 建筑库201/201建筑库 60排2列5层/ [索取号:TU984/K235] | 在馆 | |
| 7 | 1449944 | 214499443 | 建筑库201/201建筑库 60排2列5层/ [索取号:TU984/K235] | 在馆 | |
| 8 | 1449945 | 214499452 | 建筑库201/201建筑库 60排2列5层/ [索取号:TU984/K235] | 在馆 |